000 00893nam a2200301Ia 4500
001 dia_6023
003 CHAP
005 20251023151852.0
008 220117s2013 xx 000 0 und d
010 _a177210
020 _a978-0-470-46363-5
040 _cCHAP
082 _a519.5 A37 2013
100 _aAgresti, Alan
_91160
245 _aCategorical data analysis /
_c Alan Agresti
250 _a3a ed.
260 _aEstados Unidos de América :
_b Wiley-Intercience,
_c2013
300 _axvi, 714 p.
440 _aWiley Series in Probability and Statistics
_9121945
504 _aIncluye bibliografías
590 _aQA278 A37 2013
650 _aAnálisis de multivarianza
_9160482
650 _aMultivariate analysis
_9154982
901 _a519.5 A37 2013
902 _aM
905 _a5232272013 -usnm 8222123322eng16
942 _cLIBRO
_2ddc
999 _c177210
_d177210